000 01316nmc a2200385 a 4500
003 AR-BaBNM
005 20251128202811.0
008 017019s1943 ||||||||||||||000 | spa||
040 _cAR-BaBNM
100 1 _aCady, John F.
245 1 0 _aLa intervención extranjera en el Río de La Plata 1838-1850
_bestudio de la política seguida por Francia, Gran Bretaña y Norteamerica con respecto al dictador Juan Manuel de Rosas
260 _aBuenos Aires
_bLosada
_c1943
300 0 _a307 p.
490 0 _aBiblioteca de la sociedad de historia argentina
_vv. 14
500 0 _aIndice de materias p. 301-302
500 0 _aIndice de personas p. 303-307
504 _aContiene bibliografía para consultar p. 285-300
600 1 4 _aRosas, Juan Manuel de
_d1793-1877
650 4 _aBLOQUEO FRANCES 1838-40
650 4 _aBLOQUEO ANGLO-FRANCES
650 4 _aHISTORIA POLITICA ARGENTINA
650 4 _aTRATADO MACKAU-ARANA
650 4 _aVUELTA DE OBLIGADO
650 4 _aRELACIONES EXTERIORES
650 4 _aHISTORIA DE LAS RELACIONES EXTERIORES
650 4 _aEPOCA DE ROSAS
651 4 _aArgentina
651 4 _aFrancia
651 4 _aEstados Unidos
651 4 _aGran Bretaña
700 1 _aUteda, Juan M.
_etraductor
700 1 _aPodestá Costa, Luis A.
_eprologuista
942 _cBK
998 _cmariana
999 _c634
_d634